| 000 | 01500nam a2200277 u 4500 | ||
|---|---|---|---|
| 001 | 000649052 | ||
| 003 | AM-YeHGA | ||
| 005 | 20250617141121.0 | ||
| 008 | 090407s1978 ru |||||r|||||000|0|rus|d | ||
| 040 | _aAM-YeHGA | ||
| 041 | 0 | _arus | |
| 100 | 1 | _aМицкевич, Михаил Семёнович | |
| 245 | 1 | 0 |
_aГормональные регуляции в онтогенезе животных / _cМ.C. Мицкевич ; Отв. ред. А.П. Дыбан ; АН СССР, Научный совет по проблеме "Закономерности индивидуального развития животных и управление процессами онтогенеза". |
| 260 |
_aМосква : _bНаука, _c1978. |
||
| 300 |
_a224 с. : _bил. ; _c25 см. |
||
| 440 | 0 | _aПроблемы биологии развития | |
| 500 | _aПредм. указ.: с. 217-222 | ||
| 504 | _aСписок лит.: с. 174-216 | ||
| 650 | 1 | 4 |
_aЖивотное _xЭмбриология |
| 650 | 1 | 4 | _aЭндокринная система |
| 650 | 1 | 4 | _aНейросекреторные системы |
| 650 | 1 | 4 | _aАуторегуляция |
| 700 | 1 |
_aДыбан, А.П. _eред. _4edt |
|
| 710 | 2 |
_aАкадемия наук СССР _bНаучный совет по проблеме "Закономерности индивидуального развития животных и управление процессами онтогенеза" |
|
| 090 | _c234174 | ||
| 999 |
_c232618 _d232618 |
||